000 00502nam a22001577a 4500
005 20251108165203.0
008 250721s1992 xx 000 0 ara d
082 1 4 _a332.1/كيل
100 1 _aالكيلاني، محمود
245 1 0 _aعمليات البنوك :
_bالكفالات المصرفية و خطابات الضمان /
264 1 _aعمان :
_bدار الجيب للنشر و التوزيع،
_c1992.
300 _aج
650 1 7 _aالبنوك
942 _2ddc
_cBK
999 _c21613
_d21613